Informační technologie II : vybrané kapitoly /

Main Author: Vaněk, Jiří, 1959-
Corporate Author: Česká zemědělská univerzita v Praze. Katedra informačních technologií
Other Authors: Štěpánová, Jitka
Language: Czech
Published: Praha : Credit, 2004
Edition: Vyd. 1.
Online Access: Digitalizovaný dokument
Physical Description: 110 s. : il. ; 29 cm
Book
Saved in:
LEADER 01757nam a2200385 a 4500
001 000725489
003 CZ BrMZK
005 20060531133648.0
007 ta
008 040712s2004 xr a e p 000 0 cze d
015 |a cnb001313110 
020 |a 80-213-1160-6  |q (brož.) :  |c Kč 58,00 
035 |a (OCoLC)85103134 
040 |a BOA001  |b cze 
072 7 |a 004  |x Počítačová věda. Výpočetní technika. Informační technologie  |2 Konspekt  |9 23 
072 7 |a 37.016  |x Učební osnovy. Vyučovací předměty. Učebnice  |2 Konspekt  |9 22 
080 |a 004  |2 MRF 
080 |a (075.8)  |2 MRF 
100 1 |a Vaněk, Jiří,  |d 1959-  |7 jn20001227165  |4 aut 
245 1 0 |a Informační technologie II :  |b vybrané kapitoly /  |c Jiří Vaněk, Jitka Štěpánová 
250 |a Vyd. 1. 
260 |a Praha :  |b Credit,  |c 2004 
300 |a 110 s. :  |b il. ;  |c 29 cm 
500 |a 600 výt. 
521 2 |a Určeno pro posluchače všech oborů ČZU 
550 |a Vydavatel: Česká zemědělská univerzita v Praze. Provozně ekonomická fakulta. Katedra informačních technologií 
650 0 7 |a informační technologie  |7 ph121106  |2 czenas 
655 7 |a učebnice vysokých škol  |7 fd133772  |2 czenas 
700 1 |a Štěpánová, Jitka  |7 mzk2006337280  |4 aut 
710 2 |a Česká zemědělská univerzita v Praze.  |b Katedra informačních technologií  |7 kn20020321649 
856 4 1 |u http://www.digitalniknihovna.cz/mzk/uuid/uuid:db70f580-0d77-11e4-8f64-005056827e52  |y Digitalizovaný dokument  |x NDK 
910 |a BOA001  |b 3-1138.318 
990 |a BK 
996 6 |b 2610224964  |c 3-1138.318  |l MZK  |r Sklad / do 1 hodiny  |n 0  |p p.v.  |w 000725489  |u 000010  |a 1  |e BOA001  |j MZK50  |s P 
996 7 |b 2610279823  |c 3-1138.318  |l MZK  |r Sklad / do 1 hodiny  |n 4  |p p.v. 1. dotisk 2006  |w 000725489  |u 000020  |a 1  |e BOA001  |j MZK50  |s A